| 000 | 01068nam a2200241 i 4500 | ||
|---|---|---|---|
| 001 | 153344 | ||
| 003 | ES-MaACL | ||
| 005 | 20251003195559.0 | ||
| 008 | 940202s1874 sp |||| |dspa d | ||
| 080 | _a929 Enrique(410)VIII | ||
| 080 | _a941.0"1509/47"(093) | ||
| 245 | 0 | 0 |
_aCrónica del rey Enrico Otavo de Ingalaterra / _cescrita por un autor coetáneo y ahora por primera vez impresa e ilustrada, con introducción, notas y apéndices, por el marqués de Molins. |
| 260 |
_aMadrid : _bLibrería de los Bibliófilos : _bAlfonso Durán, _c1874 ( _fImp. de Aribau y Compañía) |
||
| 300 |
_aCIII, 523, [5] p. ; _c18 cm. |
||
| 490 | 1 |
_aLibros de antaño ; _v4 |
|
| 500 | _aApéndice documental. | ||
| 600 | 0 | 7 |
_aEnrique VIII, _cRey de Inglaterra, _d1491-1547 _2 _9126940 |
| 651 |
_aGran Bretaña- _xHistoria- _y1509-1547, Enrique VIII. _9174479 |
||
| 700 | 1 |
_aMolíns, Mariano Roca de Togores, _cMarqués de, _d1812-1889 _9130033 |
|
| 830 | 0 | 0 |
_aLibros de antaño _v4 _9188315 |
| 852 |
_aES-MaACL _jF-13533 _z- Enc. tela |
||
| 999 |
_c153344 _d153344 |
||